| 000 | 00591 a2200205 4500 | ||
|---|---|---|---|
| 005 | 20251227111817.0 | ||
| 008 | 251227b |||||||| |||| 00| 0 eng d | ||
| 020 |
_a9789349202399 _cRs. 600.00 |
||
| 040 | _aMAIN | ||
| 082 |
_a305.9082 _bS23W |
||
| 100 | _aSharma, Baharti | ||
| 245 | _aWomen with intellectual disabilities: Challenges and issues | ||
| 260 |
_bV R Book International _c2025 _aNew Delhi |
||
| 300 | _ax, 157 | ||
| 650 | _aSocial Groups | ||
| 650 | _aPeople with Disabilities | ||
| 650 | _aIntellectual Disabilities-Women | ||
| 700 | _aOjha, Laxmipriya | ||
| 942 | _cBK | ||
| 999 |
_c393805 _d393805 |
||